000
00325nam a2200133Ia 4500
008
130318s9999 xx 000 0 und d
020
_a
140296662
082
_a
658.3 BON/S
100
_a
De Bono, Edward
245
_a
Six thinking hats
260
_b
Penguin Books
_a
U.K
_c
1999
300
_a
177
650
_a
PERSONALITY DEVELOPMENT
999
_c
960
_d
960